Fundamentos de un nuevo humanismo: 1280-1440

Gespeichert in:
Bibliographische Detailangaben
1. Verfasser: Duby, Georges (VerfasserIn)
Format: Buch
Sprache:Spanisch
Veröffentlicht: Barcelona Carragio 1966
Schriftenreihe:Arte ideas historia
Schlagworte:
Tags: Tag hinzufügen
Keine Tags, Fügen Sie den ersten Tag hinzu!

MARC

LEADER 00000nam a2200000 a 4500
001 UCY2573
003 CL-VaPUC
008 941104e19660000SP |||||||||||||||||spa|d
082 0 4 |a 709.023  |b DUB  |2 21 
100 0 |a Duby, Georges  |e author  |9 330617 
245 1 0 |a Fundamentos de un nuevo humanismo: 1280-1440 
300 |a 222 p 
942 |c BK 
945 |d 19941104 00:00:00  |a mfernand 
260 |a Barcelona  |b Carragio  |c 1966 
650 0 |a Arte medieval  |9 267894 
583 |a last modification  |c 19941104 00:00:00  |k Rodrigo Vera 
490 0 |a Arte ideas historia 
999 |c 230940  |d 230938 
952 |0 0  |1 0  |4 0  |6 709_023000000000000_DUB_1966  |7 0  |8 F  |9 233632  |a BIBARQ  |b BIBARQ  |d 2019-11-15  |i 3026116  |o 709.023 DUB 1966  |p 3026116  |r 2025-01-20  |w 2019-11-15  |y BK_F  |k ARQ